I saw the highest mountain and stood beside the lowest sea. (Record no. 14242)

000 -LEADER
fixed length control field 00639nam a2200193 a 4500
001 - CONTROL NUMBER
control field :::00012071$&:&@@
003 - CONTROL NUMBER IDENTIFIER
control field OkBaRHE
005 - DATE AND TIME OF LATEST TRANSACTION
control field 20000607103415.0
008 - FIXED-LENGTH DATA ELEMENTS--GENERAL INFORMATION
fixed length control field s1957 j 000 0 eng u
040 ## - CATALOGING SOURCE
Transcribing agency
100 1# - MAIN ENTRY--PERSONAL NAME
Personal name King, Blanche Leon Moore.
245 10 - TITLE STATEMENT
Title I saw the highest mountain and stood beside the lowest sea.
260 ## - PUBLICATION, DISTRIBUTION, ETC. (IMPRINT)
Place of publication, distribution, etc Franklin Springs, GA., :
Name of publisher, distributor, etc Advocate Press
Date of publication, distribution, etc c1957
300 ## - PHYSICAL DESCRIPTION
Extent 159 p. : illus. ;
Dimensions 21 cm.
650 ## - SUBJECT ADDED ENTRY--TOPICAL TERM
Topical term or geographic name as entry element Missions
650 ## - SUBJECT ADDED ENTRY--TOPICAL TERM
Topical term or geographic name as entry element Pentecostal Holiness Church
General subdivision Missions
942 ## - ADDED ENTRY ELEMENTS (KOHA)
Source of classification or shelving scheme
Koha item type Books
Copies
Source of classification or shelving scheme Koha item type Copy number Barcode Lost status Shelving location Price effective from Withdrawn status Permanent Location Damaged status Date acquired Full call number Date last seen Not for loan
 Books112071 General Stacks2010-04-14 RHEMA Bible Training College 2010-04-14BX 8776 .Z8K52010-04-14